01743nam a2200481 a 450000100060000000300080000600500170001400600190003100700150005000800410006502000180010603500230012403500240014703500250017103500210019604000260021705000200024308000110026308000100027408000080028408000080029208200140030010000200031424502120033426000510054630000120059744000250060953301640063465000420079865000300084065000290087065000370089965000360093665000410097265000340101365500270104770000210107470000390109570000290113471000190116385600620118299900170124420150FlNmELB20241216213825.0m o d | cr cn|||||||||201006r2009 sp |||||s|||||||||||spa d z9788481699210 a(MiAaPQ)EBC3188883 a(Au-PeEL)EBL3188883 a(CaPaEBR)ebr10390012 a(OCoLC)928977880 aFlNmELBbspacFlNmELB 4aBL31bP635 2009 a030:23 a2(03) a296 a29704a200.32221 aPikaza, Xabier.10aDiccionario de la tres religionesh[recurso electronico] :bJudaâismo, Cristianismo, Islam /cXabier Pikaza, Abdelmumin Aya ; con la colaboraciâon de Josâe F. Durâan Velasco y Yaratullâh Monturiol. aEstella (Navarra) :bVerbo Divino,cD.L. 2009. a1243 p. 0aDiccionarios "Maior" aRecurso electrónico. Santa Fe, Arg.: e-libro, 2015. Disponible vía World Wide Web. El acceso puede estar limitado para las bibliotecas afiliadas a e-libro. 4aTeología dogmáticaxDiccionarios. 4aJudaísmoxDiccionarios. 4aIslamismoxDiccionarios. 4aReligionxDictionariesxSpanish. 4aJudaismxDictionariesxSpanish. 4aChristianityxDictionariesxSpanish. 4aIslamxDictionariesxSpanish. 4aLibros electrónicos.1 aAya, Abdelmumin.1 aDurán Velasco, José Francisco.1 aMonturiol, Yaratullâh.2 ae-libro, Corp.40uhttps://elibro.net/ereader/politecnicointernacional/53778 c20150d20150